000 00956nam0a22002411 4500
001 rc\2794316
005 20260406221922.0
035 _a(NLR Aleph) 006920394
090 _a7440371
_c7440371
100 _a20110915d1935 |||y0rusy50 ca
101 0 _arus
102 _aRU
105 _aa z |||||
200 1 _aПравила зарядки, размещения, пользования и ухода за пенными химическими огнетушителями в частях и учреждениях НКВМ
210 _a[Севастополь]
_c2 тип. КПТ
_d[1935]
215 _aОбл., 17 с., без тит. л.
_cил.
_d17х12 см.
710 0 1 _aСССР
_bКвартирно-эксплоатационное управление Красной Армии
_3RU\NLR\AUTH\889976805
_9450403
801 0 _aRU
_bNLR
_gpsbo
801 1 _aRU
_bELAR
_2rusmarc
852 _aNLR
_j35-9/933
942 _cBOOK
980 _aNB